000 03839nab a2200325 i 4500
003 BR-BrBNA
005 20240913100401.0
008 240913b2018 bl.|r|pooa||| 00| 0 eng |
040 _aBR-BrBNA
_beng
072 _aL53
_b5240
100 _aBergstein-Galan, T.G.
100 _aWeiss, R.R.
100 _aBarbosa, T.S.R.
100 _aKozicki, L.E.
100 _aBicudo, S.D.
245 _aViability of ovine spermatozoa collected from epididymides stored at 18°-25°C for 48 hours post mortem
500 _a Publicação online; 26 ref.; 2 tables; Summaries (En, Pt)
520 _a ABSTRACT - The objectives of this study were to verify the time during which viable ovine spermatozoa could be recovered from the cauda epididymis kept at ambient temperature (18-25°C). Sperm collected in an artificial vagina (AV) were used as control. Spermatozoa samples were collected with an AV and from epididymis at 0 (G0), 6 (G6), 12 (G12), 24 (G24), and 48 (G48) hours post mortem. Total motility (TM), progressive motility (PM), hypo-osmotic membrane integrity test (HOST) and morphological changes were assessed. TM decreased (P<0.05) from 24 hours post mortem (70.0±1.9%) compared to AV (86.4±1.0%). PM decreased (P<0.05) from 12 hours after death (31.3±4.0%) compared to AV group (73.2±1.4%). The percentage of viable cells in HOST decreased (P<0.05) in the G48 (60.0±8.9%). Spermatozoa recovery was lower (P<0.05) 48 hours after death (2064.2±230.7 x 106 spermatozoa) compared to G0(2623.6±288.4 x 106 spermatozoa). In conclusion, under the conditions of this study, it would be possible to use epididymal spermatozoa recovered up to 24 hours after death for artificial insemination or in vitro fertilization; however, fertility trials are necessary to prove this hypothesis. Keywords: ram, epididymis, room temperature
520 _a RESUMO - Os objetivos deste estudo foram avaliar o período pelo qual era possível recuperar espermatozoides ovinos viáveis da cauda de epidídimos mantidos em temperatura ambiente (18-25°C). O sêmen coletado em vagina artificial (AV) foi utilizado como controle. Os espermatozoides foram coletados dos epidídimos à zero hora (G0), às seis (G6), 12 (G12), 24 (G24) e 48 (G48) horas post mortem. A motilidade total (TM), a motilidade progressiva (PM), a integridade de membrana plasmática em solução hiposmótica (HOST) e a morfologia espermática foram avaliadas. A TM diminuiu (P<0,05) a partir de 24 horas após a morte (70,0±1,9%) comparado ao sêmen coletado em AV (86,4±1,0%). A PM diminuiu (P<0,05) a partir de 12 horas após a morte (31,3±4,0%) comparado ao grupo AV (73,2±1,4%). A porcentagem de espermatozoides viáveis no HOST diminuiu (P<0,05) no G48 (60,0±8,9%). A recuperação espermática foi menor (P<0,05) 48 horas após a morte (2064,2±498,1 x 106 espermatozoides) comparado ao G0 (2298,4±288,4 x 106 espermatozoides). Em conclusão, nas condições deste estudo, é possível utilizar espermatozoides epididimários recuperados até 24 horas após a morte para inseminação artificial ou fertilização in vitro, porém testes de fertilidade são necessários para comprovar essa hipótese. Palavras-chave: carneiro, epidídimo, temperatura ambiente
650 _aOVINO
650 _aREPRODUÇÃO ANIMAL
650 _aESPERMATOZOIDE
650 _aINSEMINAÇÃO ARTIFICIAL
650 _aTESTÍCULO
650 _aMORTE SÚBITA
773 0 _01643
_9318020
_dBelo Horizonte-MG Universidade Federal de Minas Gerais - Escola de Veterinaria 1983
_o2024-4754
_tArquivo Brasileiro de Medicina Veterinária e Zootecnia (Brazil)
_x0102-0935
_gv. 70(4) p. 1023-1028; (2018)
_wBR2024002435
856 _uhttps://www.scielo.br/j/abmvz/a/NnQPVdqBphrsxwW935YyRxK/?format=pdf&lang=en
942 _cANA
999 _c301218
_d301218